The works of William Shakespeare

Uloženo v:
Podrobná bibliografie
Hlavní autor: Shakespeare, William
Médium: Kniha
Jazyk:Undetermined
Vydáno: Londres, Inglaterra Clackie and Son 1890
Témata:
Tagy: Přidat tag
Žádné tagy, Buďte první, kdo vytvoří štítek k tomuto záznamu!

MARC

LEADER 00000nam a2200000Ia 4500
008 170316s9999 xx 000 0 und d
040 |a cru BVZT 
090 |a 820 S-5w v.3 
100 |a Shakespeare, William 
245 4 |a The works of William Shakespeare 
260 |a Londres, Inglaterra 
260 |b Clackie and Son 
260 |c 1890 
300 |a 509 páginas Vol. III 
650 |a LITERATURA INGLESA 
999 |c 7209  |d 7209 
942 |c 15 D  |h 820 S-5w v.3  |2 z